Points of Authority - Linkin Park (Lyrics) - Statistics

General Stats
  • This quiz has been taken 55 times
  • The average score is 46 of 55
Answer Stats
Lyrics % Correct
{Forfeit} the game before somebody else
95%
{Forfeit} the game before somebody else
95%
{Forfeit} the game before somebody else
95%
The {pace} is too fast, you just won't last
95%
The {pace} is too fast, you just won't last
95%
The {pace} is too fast, you just won't last
95%
And puts your {name} to {shame}
91%
And puts your {name} to {shame}
91%
And puts your {name} to {shame}
91%
You {love} the things I say I'll do
88%
Takes you out of the {frame}
88%
Takes you out of the {frame}
88%
Takes you out of the {frame}
88%
You like to think you're never {wrong}
88%
You like to think you're never {wrong}
88%
You like to think you're never {wrong}
88%
You like to think you're never {wrong}
88%
You have to {act} like you're someone
86%
You have to {act} like you're someone
86%
You have to {act} like you're someone
86%
You have to {act} like you're someone
86%
You want someone to {hurt} like you
84%
You want someone to {hurt} like you
84%
You want someone to {hurt} like you
84%
You want someone to {hurt} like you
84%
(You live what you've {learned})
81%
(You live what you've {learned})
81%
(You live what you've {learned})
81%
(You live what you've {learned})
81%
(You live what you've {learned})
81%
(You live what you've {learned})
81%
(You live what you've {learned})
81%
(You live what you've {learned})
81%
(You live what you've {learned})
81%
(You live what you've {learned})
81%
(You live what you've {learned})
81%
(You live what you've {learned})
81%
(You live what you've {learned})
81%
(You live what you've {learned})
81%
(You live what you've {learned})
81%
(You live what you've {learned})
81%
My life, my {pride} is broken
79%
My life, my {pride} is broken
79%
{Cover} up your face, you can't run the {race}
77%
{Cover} up your face, you can't run the {race}
77%
{Cover} up your face, you can't run the {race}
77%
You {love} the way I {look} at you
74%
You {take} away if I give in
74%
You {take} away if I give in
74%
You wanna {share} what you have been through
74%
You wanna {share} what you have been through
74%
You wanna {share} what you have been through
74%
You wanna {share} what you have been through
74%
The way I {hurt} myself again just to get {back} at you
72%
While taking {pleasure} in the {awful} things you put me through
72%
No matching quizzes found
Score Distribution
Percent of People with Each Score
Percentile by Number Answered
Your Score History
You have not taken this quiz